Music Quiz

Random Music or Clip Quiz

United State of Pop 2009 Quiz Stats

 Plays Quiz Updated Sep 6, 2019

Score 0/25 Timer 15:00
1 Play Today
Rank Title % Correct
20Down
89.7%
3Just Dance
89.5%
4I Gotta Feeling
89.1%
1Boom Boom Pow
88.6%
8Single Ladies (Put A Ring On It)
85.2%
2Poker Face
83.4%
12Dead And Gone
75.6%
21The Climb
75.1%
11You Belong With Me
73.1%
24Halo
69.8%
14Use Somebody
69.7%
5Love Story
66.2%
16Blame It
65.4%
Rank Title % Correct
7I'm Yours
62.5%
25Hot N Cold
60.2%
6Right Round
59.2%
18Live Your Life
58.7%
17I Know You Want Me (Calle Ocho)
57%
23My Life Would Suck Without You
53%
9Heartless
52.7%
15Knock You Down
51.8%
10Gives You Hell
50.2%
13You Found Me
43.3%
22Best I Ever Had
32.7%
19Kiss Me Thru The Phone
27.8%

You're not logged in!

Compare scores with friends on all Sporcle quizzes.
OR
Log In

Sporcle TV

Today on Sporcle TV


Watch our educational content, quiz creation guides, and fun videos on Sporcle TV.

Show Comments

Extras

Top Quizzes Today


Score Distribution

Your Account Isn't Verified!

In order to create a playlist on Sporcle, you need to verify the email address you used during registration. Go to your Sporcle Settings to finish the process.

Report this User

Report this user for behavior that violates our Community Guidelines.

Details: